[Event "ODEM U25-A Oberhof"]
[Site "?"]
[Date "2013.05.21"]
[Round "4.31"]
[White "Schmidt, Daniel (Stadtilm)"]
[Black "Taeschner, Simon"]
[Result "1/2-1/2"]
[WhiteElo "1753"]
[BlackElo "1504"]
[PlyCount "72"]
[EventDate "2013.??.??"]

1. c4 g6 2. Nc3 Bg7 3. d4 d6 4. e4 Nf6 5. Nf3 O-O 6. Be2 e5 7. d5 a5 8. O-O Na6
9. Ne1 Nc5 10. f3 Nh5 11. Nd3 Nxd3 12. Bxd3 f5 13. Be3 f4 14. Bf2 g5 15. c5 Nf6
16. Be2 h5 17. h3 Rf7 18. cxd6 cxd6 19. Nb5 Bf8 20. Nc3 Rg7 21. Kh2 g4 22. fxg4
hxg4 23. Bh4 gxh3 24. gxh3 Ng4+ 25. Bxg4 Qxh4 26. Rg1 Bxg4 27. Qxg4 Qf2+ 28.
Rg2 Qxg2+ 29. Qxg2 Rxg2+ 30. Kxg2 Be7 31. Kf3 Kf7 32. Rg1 Rh8 33. Rh1 Kg6 34.
Ne2 Kh5 35. Rg1 Bf6 36. Nc3 Rc8 1/2-1/2

[Event "ODEM U25-A Oberhof"]
[Site "?"]
[Date "2013.05.21"]
[Round "4.32"]
[White "Steingraeber, Kai-Uwe"]
[Black "Arns, Alexander"]
[Result "1-0"]
[WhiteElo "2169"]
[BlackElo "1685"]
[PlyCount "53"]
[EventDate "2013.??.??"]

1. e4 d5 2. exd5 Qxd5 3. Nc3 Qd6 4. d4 Nf6 5. Nf3 a6 6. Be2 Nbd7 7. O-O b5 8.
Ng5 Bb7 9. Bf3 Bxf3 10. Qxf3 Nb6 11. Bf4 Qd7 12. Be5 h6 13. Nge4 Nxe4 14. Nxe4
e6 15. b3 Ra7 16. Rac1 f5 17. Nc5 Qd5 18. Qh5+ Ke7 19. Qg6 Rg8 20. Rfe1 Nd7 21.
Nxe6 Nxe5 22. Rxe5 Qd6 23. Nxf8+ Qxe5 24. dxe5 Kxf8 25. Rd1 Ke7 26. e6 Rd8 27.
Qf7# 1-0

[Event "ODEM U25-A Oberhof"]
[Site "?"]
[Date "2013.05.21"]
[Round "4.33"]
[White "Mauser, Tassilo Tino"]
[Black "Lansky, Georg"]
[Result "0-1"]
[WhiteElo "1735"]
[BlackElo "1852"]
[PlyCount "120"]
[EventDate "2013.??.??"]

1. e4 e5 2. Nf3 Nc6 3. Bc4 Bc5 4. c3 Nf6 5. d3 O-O 6. O-O d6 7. Nbd2 a6 8. Bb3
Be6 9. Bxe6 fxe6 10. b4 Ba7 11. Nc4 b5 12. Ne3 Qd7 13. Qe2 d5 14. exd5 exd5 15.
Nc2 e4 16. dxe4 Nxe4 17. Bb2 Rae8 18. Qd3 Nxf2 19. Rxf2 Ne5 20. Qd1 Bxf2+ 21.
Kxf2 Nxf3 22. gxf3 Re6 23. Qd3 Ref6 24. Nd4 Qh3 25. Rh1 Rg6 26. Qf1 Qh4+ 27.
Ke2 Qg5 28. Bc1 Qg2+ 29. Qxg2 Rxg2+ 30. Kd3 Rxa2 31. Bd2 a5 32. bxa5 Rxa5 33.
Rg1 g6 34. Bh6 Rf7 35. Re1 Ra8 36. f4 c5 37. Nxb5 Rd7 38. c4 Kf7 39. Bg5 Ra4
40. cxd5 Rxd5+ 41. Kc3 Rd7 42. Re5 c4 43. Nd4 Ra3+ 44. Kb4 Rh3 45. Kxc4 h6 46.
Bxh6 Rxh6 47. Nf3 Kf6 48. h4 Rh5 49. Rxh5 gxh5 50. Nd4 Rg7 51. Kd3 Rg4 52. Nf3
Rxf4 53. Ke3 Kf5 54. Ke2 Kg4 55. Ne1 Ra4 56. Kf2 Ra2+ 57. Kg1 Kxh4 58. Kf1 Kg3
59. Kg1 Ra1 60. Kf1 h4 0-1

[Event "ODEM U25-A Oberhof"]
[Site "?"]
[Date "2013.05.21"]
[Round "4.34"]
[White "Sonnhalter, Stella"]
[Black "Wastian, Jan"]
[Result "0-1"]
[WhiteElo "1843"]
[BlackElo "1636"]
[PlyCount "82"]
[EventDate "2013.??.??"]

1. e4 c6 2. Nf3 d5 3. exd5 cxd5 4. Ne5 Nd7 5. d4 g6 6. Bd3 Bg7 7. Qe2 Nxe5 8.
dxe5 Nh6 9. Nd2 Nf5 10. Nf3 O-O 11. O-O Qb6 12. c3 Rd8 13. Bxf5 Bxf5 14. Nd4
Bd7 15. Kh1 Qc7 16. f4 Rac8 17. Bd2 Qc4 18. Qe3 e6 19. Rae1 Re8 20. b3 Qc5 21.
Qh3 b5 22. g4 b4 23. Rf3 bxc3 24. Bxc3 Qb6 25. Qh4 Rxc3 26. Rxc3 Qxd4 27. Rh3
h6 28. Rf3 Qb6 29. Rd1 Bc6 30. Rfd3 Bf8 31. h3 Qb4 32. Rd4 Qc3 33. R1d3 Qa1+
34. Rd1 Qxa2 35. Rc1 Qb2 36. Rcd1 Qxb3 37. R4d3 Qc2 38. R1d2 Qc1+ 39. Kh2 Bb4
40. Rf2 Be1 41. Rf1 Qc2+ 0-1

[Event "ODEM U25-A Oberhof"]
[Site "?"]
[Date "2013.05.21"]
[Round "4.35"]
[White "Stoll, Katja"]
[Black "Litzka, Richard"]
[Result "0-1"]
[WhiteElo "1766"]
[BlackElo "1572"]
[PlyCount "162"]
[EventDate "2013.??.??"]

1. e4 c5 2. Nf3 e6 3. d4 cxd4 4. Nxd4 Nf6 5. Nc3 Bb4 6. Bd3 Nc6 7. Nde2 d6 8.
O-O O-O 9. a3 Bc5 10. Bf4 a6 11. Qd2 Qe7 12. h3 b5 13. Nd1 Bb7 14. Ne3 Ne5 15.
Bxe5 dxe5 16. Ng3 Rac8 17. Qe2 Rfd8 18. Ng4 Bd4 19. c3 Bb6 20. Rad1 Nxg4 21.
Qxg4 Rd7 22. Bc2 Rxd1 23. Rxd1 Rd8 24. a4 Rxd1+ 25. Qxd1 Qc5 26. Qd2 Qc7 27.
axb5 axb5 28. Nf1 h6 29. Ne3 Bxe3 30. Qxe3 Qa5 31. Qc1 Qa2 32. Qb1 Qc4 33. Bd3
Qc5 34. Qc2 Kf8 35. Kf1 Ba6 36. Ke2 Ke7 37. Qd2 Qc6 38. Qe3 Qc7 39. Qg3 Kf8 40.
Qe3 Kg8 41. Kd2 Kf8 42. Kc2 Kg8 43. b4 Kh8 44. Qc5 Qb8 45. Qc6 Qa7 46. Qc5 Qb8
47. Kd2 f6 48. Ke2 Qb7 49. Qd6 Qa8 50. Qxe6 Bb7 51. Bxb5 Qa3 52. Qc4 Qb2+ 53.
Kf3 Qd2 54. Qd3 Qg5 55. Bd7 f5 56. Ke2 Bxe4 57. Qg3 Qc1 58. Qe3 Qb1 59. f3 Bc2
60. Qd2 Qa2 61. Bxf5 Qc4+ 62. Bd3 Bxd3+ 63. Qxd3 Qa2+ 64. Qd2 Qa6+ 65. Kf2 Qa7+
66. Kg3 Qc7 67. Qe3 e4+ 68. f4 Qc4 69. Kf2 Kg8 70. Qd4 Qa2+ 71. Kg3 Qe2 72. Kh2
e3 73. c4 Qd2 74. Qe4 Kf7 75. b5 e2 76. Qf5+ Ke7 77. Qc5+ Qd6 78. Qe3+ Qe6 79.
Qc5+ Kf7 80. f5 Qe8 81. Qd5+ Kf8 0-1

[Event "ODEM U25-A Oberhof"]
[Site "?"]
[Date "2013.05.21"]
[Round "4.36"]
[White "Kitze, Lukas"]
[Black "Mehling, Katharina"]
[Result "0-1"]
[WhiteElo "1611"]
[BlackElo "1837"]
[PlyCount "102"]
[EventDate "2013.??.??"]

1. d4 Nf6 2. Nf3 g6 3. c4 Bg7 4. Nc3 O-O 5. Bg5 h6 6. Bh4 d6 7. e3 Nc6 8. Be2
Nd7 9. O-O g5 10. Bg3 e5 11. dxe5 Ndxe5 12. Nxe5 Nxe5 13. Qb3 Rb8 14. Rfd1 Be6
15. a4 f5 16. f3 Qe7 17. Nd5 Qf7 18. Rac1 c6 19. Nb4 a5 20. Na2 f4 21. exf4
gxf4 22. Bf2 d5 23. Bc5 Rfe8 24. Bd6 Rbd8 25. Bxe5 Bxe5 26. Qb6 Qc7 27. Qxc7
Bxc7 28. cxd5 Rxd5 29. Nc3 Rxd1+ 30. Rxd1 Rd8 31. Rxd8+ Bxd8 32. Bd3 Bb3 33.
Bf5 Bf6 34. Bc8 Bxc3 35. bxc3 b6 36. Kf2 Bxa4 37. Ke2 Bb5+ 38. Kd2 Kf7 39. g3
fxg3 40. hxg3 a4 41. Kc2 c5 42. Kb2 Bc4 43. Bf5 Kf6 44. Bc2 b5 45. Bb1 b4 46.
cxb4 cxb4 47. f4 a3+ 48. Ka1 b3 49. Be4 Be6 50. g4 Bxg4 51. Bd5 b2+ 0-1

[Event "ODEM U25-A Oberhof"]
[Site "?"]
[Date "2013.05.21"]
[Round "4.37"]
[White "Hartmann, Jakob"]
[Black "Gressmann, Hanna"]
[Result "1-0"]
[WhiteElo "1719"]
[BlackElo "1520"]
[PlyCount "45"]
[EventDate "2013.??.??"]

1. e4 e5 2. Nf3 Nc6 3. Bc4 Bc5 4. c3 Nf6 5. d4 exd4 6. e5 Ne4 7. O-O O-O 8. Bd5
Nxf2 9. Rxf2 dxc3 10. Nxc3 Bxf2+ 11. Kxf2 h6 12. Bf4 Qe7 13. Qd2 g5 14. Bg3 Kg7
15. Ne4 Qb4 16. Nc3 Qe7 17. Re1 b6 18. Ne4 Bb7 19. h4 g4 20. Nh2 h5 21. Kg1 Rh8
22. Bf4 Qe8 23. Bg5 1-0

[Event "ODEM U25-A Oberhof"]
[Site "?"]
[Date "2013.05.21"]
[Round "4.38"]
[White "Nguyen, Anh Van"]
[Black "Erofeev, Anastasia"]
[Result "1/2-1/2"]
[WhiteElo "1630"]
[BlackElo "1813"]
[PlyCount "62"]
[EventDate "2013.??.??"]

1. e4 e5 2. Nf3 Nc6 3. d4 exd4 4. Nxd4 Bc5 5. Nb3 Bb6 6. a4 a6 7. Nc3 Nf6 8.
Be2 Qe7 9. a5 Ba7 10. Nd5 Nxd5 11. exd5 Ne5 12. O-O d6 13. c3 Bd7 14. Nd4 Qf6
15. Re1 O-O 16. Be3 Qg6 17. Qc2 Qxc2 18. Nxc2 Bf5 19. Bxa7 Rxa7 20. Nd4 Bd7 21.
f4 Ng6 22. g3 Raa8 23. Bf3 Rae8 24. Kf2 Re7 25. Rxe7 Nxe7 26. Re1 Re8 27. c4
Kf8 28. b4 c6 29. dxc6 Nxc6 30. Rxe8+ Kxe8 31. Nxc6 bxc6 1/2-1/2

[Event "ODEM U25-A Oberhof"]
[Site "?"]
[Date "2013.05.21"]
[Round "4.39"]
[White "Wodzinski, Kristin"]
[Black "Nitzsche, Pia"]
[Result "0-1"]
[WhiteElo "1643"]
[BlackElo "1662"]
[PlyCount "60"]
[EventDate "2013.??.??"]

1. d4 Nf6 2. Nf3 g6 3. c4 Bg7 4. Nc3 O-O 5. e4 d6 6. h3 c5 7. d5 Na6 8. Be2 Bd7
9. Bg5 Nc7 10. g4 a6 11. Nd2 b5 12. h4 bxc4 13. Nxc4 Nb5 14. Bxf6 Bxf6 15. Qd2
Rb8 16. g5 Bg7 17. h5 Qc8 18. Bf3 Bg4 19. Ke2 Nd4+ 20. Kd3 Nxf3 21. Qf4 Ne5+
22. Nxe5 Bxe5 23. Qd2 c4+ 24. Kc2 Bf3 25. Rh4 Qc5 26. Rg1 Rxb2+ 27. Kxb2 Rb8+
28. Kc2 Bxc3 29. Qf4 Qxf2+ 30. Kxc3 Qb2+ 0-1

[Event "ODEM U25-A Oberhof"]
[Site "?"]
[Date "2013.05.21"]
[Round "4.40"]
[White "Herrmann, Heribert"]
[Black "Bruehan, Caren"]
[Result "1-0"]
[WhiteElo "1683"]
[BlackElo "1643"]
[PlyCount "59"]
[EventDate "2013.??.??"]

1. e4 c5 2. Nf3 Nc6 3. d4 cxd4 4. Nxd4 g6 5. Be3 Bg7 6. c3 Nf6 7. f3 O-O 8. Nd2
d5 9. Bd3 Ne5 10. Be2 dxe4 11. Nxe4 Nxe4 12. fxe4 b6 13. O-O Bb7 14. Qc2 Rc8
15. Rfd1 Nd7 16. Bg4 Bxd4 17. Rxd4 e6 18. Rad1 Bc6 19. Qd2 Rc7 20. Bf4 Rb7 21.
Be2 b5 22. a4 bxa4 23. Rd6 Qb6+ 24. Be3 Nc5 25. Qd4 Qxb2 26. Bh6 f6 27. Bxf8
Kxf8 28. Qxf6+ Rf7 29. Rd8+ Be8 30. Rxe8+ 1-0

[Event "ODEM U25-A Oberhof"]
[Site "?"]
[Date "2013.05.21"]
[Round "4.41"]
[White "Schreiber, Justina"]
[Black "Werner, Justus"]
[Result "0-1"]
[WhiteElo "1603"]
[BlackElo "1652"]
[PlyCount "110"]
[EventDate "2013.??.??"]

1. e4 c5 2. c3 Nf6 3. e5 Nd5 4. d4 cxd4 5. Nf3 e6 6. cxd4 b6 7. Bc4 Bb7 8. O-O
Qc7 9. Bb3 d6 10. Re1 Nd7 11. Bd2 Rc8 12. Nc3 Nxc3 13. Bxc3 dxe5 14. dxe5 Rd8
15. Qe2 Be7 16. Rac1 Qb8 17. Red1 O-O 18. Bc2 Qa8 19. a3 Nc5 20. Re1 Ba6 21.
Qe3 Nd3 22. Bxd3 Rxd3 23. Qe4 Qxe4 24. Rxe4 Rfd8 25. Rd4 Bb7 26. Rxd8+ Bxd8 27.
Nd4 Bg5 28. Re1 Be7 29. Rc1 Bg5 30. Re1 h6 31. h3 a6 32. Re2 Rd1+ 33. Re1 Rxe1+
34. Bxe1 Bf4 35. f3 Bxe5 36. Bc3 Bf6 37. Kf2 Kf8 38. g3 Ke7 39. Ke3 Kd6 40. f4
Bg2 41. h4 Kd5 42. Ne2 Bxc3 43. Nxc3+ Kc4 44. Kd2 Bf3 45. Nb1 f6 46. Nc3 b5 47.
Kc2 Kd4 48. Kd2 e5 49. fxe5 fxe5 50. Nb1 e4 51. b3 e3+ 52. Ke1 Be4 53. Nd2
exd2+ 54. Kxd2 h5 55. b4 Kc4 0-1

[Event "ODEM U25-A Oberhof"]
[Site "?"]
[Date "2013.05.21"]
[Round "4.42"]
[White "Vergin, Marcel"]
[Black "Edel, Fenja"]
[Result "0-1"]
[WhiteElo "1801"]
[BlackElo "1635"]
[PlyCount "74"]
[EventDate "2013.??.??"]

1. d4 d5 2. e3 e6 3. Bd3 b6 4. Nd2 Nf6 5. f4 Bb7 6. Ngf3 Ne4 7. O-O Be7 8. Ne5
O-O 9. Qh5 f6 10. Ng4 Qe8 11. Qh3 Nd7 12. Nf2 f5 13. Nfxe4 dxe4 14. Be2 Nf6 15.
g4 fxg4 16. Bxg4 Qg6 17. Kh1 Qxg4 18. Qxg4 Nxg4 19. Re1 Bh4 20. Re2 Rf6 21. b3
Rg6 22. h3 Nf2+ 23. Kh2 Nd1 24. Ba3 Nc3 25. Rg2 Rxg2+ 26. Kxg2 Nd5 27. Nf1 Ba6
28. c4 Nf6 29. Nd2 Rc8 30. Rg1 Bb7 31. Kf1 Nd7 32. Ke2 c5 33. dxc5 Nxc5 34. Bb2
g6 35. Be5 Nd3 36. Bd4 Rd8 37. a3 Nxf4+ 0-1

[Event "ODEM U25-A Oberhof"]
[Site "?"]
[Date "2013.05.21"]
[Round "4.43"]
[White "Koll, Lukas"]
[Black "Kempe, Markus"]
[Result "0-1"]
[WhiteElo "1464"]
[BlackElo "1649"]
[PlyCount "60"]
[EventDate "2013.??.??"]

1. d4 Nf6 2. c4 g6 3. Nc3 Bg7 4. Nf3 O-O 5. e4 d6 6. Be2 e5 7. dxe5 dxe5 8.
Qxd8 Rxd8 9. Bg5 Re8 10. Nd5 Nxd5 11. cxd5 c6 12. Bc4 a5 13. a4 Bd7 14. dxc6
Bxc6 15. Bd5 Bxd5 16. exd5 h6 17. Bh4 e4 18. Nd2 Bxb2 19. Rb1 Bc3 20. Rxb7 e3
21. fxe3 Rxe3+ 22. Kd1 Rd3 23. Kc2 Rxd2+ 24. Kxc3 Rxd5 25. Rhb1 Nc6 26. R7b6
Rc8 27. Bf6 Nb4+ 28. Kb3 Rd3+ 29. Kb2 Rc2+ 30. Ka1 Ra2# 0-1

[Event "ODEM U25-A Oberhof"]
[Site "?"]
[Date "2013.05.21"]
[Round "4.44"]
[White "Wendler, Simon"]
[Black "Denkert, Robert"]
[Result "1/2-1/2"]
[WhiteElo "1413"]
[BlackElo "1631"]
[PlyCount "41"]
[EventDate "2013.??.??"]

1. e4 e6 2. d4 d5 3. Nc3 Bb4 4. e5 c5 5. a3 Bxc3+ 6. bxc3 Ne7 7. Nf3 Nbc6 8. h4
h6 9. Bd3 c4 10. Be2 Bd7 11. Bd2 Qc7 12. Rb1 O-O-O 13. Nh2 Rdf8 14. g4 Ng8 15.
f4 f5 16. Nf1 Nge7 17. h5 g6 18. Ng3 fxg4 19. Bxg4 Nf5 20. Nxf5 gxf5 21. Bf3
1/2-1/2

[Event "ODEM U25-A Oberhof"]
[Site "?"]
[Date "2013.05.21"]
[Round "4.45"]
[White "Halas, Lena"]
[Black "Fischer, Maxi"]
[Result "1/2-1/2"]
[WhiteElo "1668"]
[BlackElo "1497"]
[PlyCount "94"]
[EventDate "2013.??.??"]

1. e4 e5 2. Nf3 Nc6 3. d4 exd4 4. Nxd4 Nf6 5. Nxc6 bxc6 6. e5 Qe7 7. Qe2 Nd5 8.
Nd2 g6 9. c4 Ba6 10. Qe4 Nb6 11. b3 Bg7 12. Nf3 Bb7 13. Bb2 O-O 14. Be2 Rae8
15. O-O f6 16. Rfe1 fxe5 17. Bd3 d6 18. Re2 Rb8 19. Qe3 Nd7 20. Rd1 Rbe8 21.
Bb1 Nf6 22. Qxa7 Bc8 23. Qe3 c5 24. h3 Nh5 25. Be4 Nf4 26. Ree1 Bh6 27. Qc3
Nxh3+ 28. gxh3 Bxh3 29. Bc1 Bxc1 30. Qxc1 Qf6 31. Qg5 Qf4 32. Qxf4 Rxf4 33.
Bd5+ Kg7 34. Kh2 Bg4 35. Kg3 Ref8 36. Rd3 h5 37. a4 Bf5 38. Rde3 Rg4+ 39. Kh2
Bd7 40. a5 c6 41. Be4 Ra8 42. Ra1 Ra6 43. Nd2 Kf6 44. Rg3 Rh4+ 45. Kg2 g5 46.
Nf3 Rxe4 47. Nxg5 Rg4 1/2-1/2

[Event "ODEM U25-A Oberhof"]
[Site "?"]
[Date "2013.05.21"]
[Round "4.47"]
[White "Weiss, Reinhold"]
[Black "Neumann, Tiemon"]
[Result "1-0"]
[WhiteElo "1861"]
[BlackElo "1708"]
[PlyCount "75"]
[EventDate "2013.??.??"]

1. e4 e5 2. Nf3 Nc6 3. Bb5 a6 4. Bxc6 bxc6 5. Nxe5 Qe7 6. d4 d6 7. Nf3 Qxe4+ 8.
Be3 Bg4 9. Nbd2 Qe6 10. O-O Be7 11. Re1 Qd7 12. c4 Nf6 13. Bg5 O-O 14. h3 Bh5
15. Qc2 Rfe8 16. Re3 h6 17. Bh4 Bg6 18. Qa4 Ne4 19. Nxe4 Bxh4 20. Nxh4 Bxe4 21.
Rae1 Bh7 22. Qxa6 g5 23. Rxe8+ Rxe8 24. Rxe8+ Qxe8 25. Nf3 f6 26. b3 h5 27. Qa5
Qd7 28. a4 Be4 29. Nd2 Bc2 30. Qc3 Bh7 31. a5 Qc8 32. b4 Qb7 33. Qa3 Qa6 34. b5
cxb5 35. cxb5 Qxb5 36. a6 Qb8 37. a7 Qa8 38. Qb3+ 1-0

[Event "ODEM U25-A Oberhof"]
[Site "?"]
[Date "2013.05.21"]
[Round "4.48"]
[White "Walther, Jochen"]
[Black "Thumm, Felix"]
[Result "0-1"]
[WhiteElo "1700"]
[BlackElo "1733"]
[PlyCount "96"]
[EventDate "2013.??.??"]

1. e4 c5 2. Nf3 e6 3. d4 cxd4 4. Nxd4 a6 5. Nc3 Qc7 6. Be3 Bb4 7. Qd2 Nf6 8. f3
d5 9. Bd3 e5 10. Nb3 d4 11. Nxd4 exd4 12. Bxd4 Nbd7 13. O-O Bc5 14. Ne2 b5 15.
c3 Bb7 16. Kh1 Rd8 17. Qg5 Bxd4 18. cxd4 O-O 19. Rad1 Nb6 20. b3 Rfe8 21. Rd2
Qe7 22. Rc1 Rc8 23. Rdc2 Rxc2 24. Rxc2 Rc8 25. Rc5 Rxc5 26. dxc5 Nbd7 27. b4 h6
28. Qe3 Ne5 29. Nc3 Qd7 30. Be2 Nc6 31. a3 Nd4 32. g3 Nc2 33. Qc1 Nd4 34. Kg2
Nc6 35. Kf1 Qd4 36. Nd1 Ne5 37. Qf4 Bc8 38. Kg2 Nh5 39. Qh4 Nf6 40. Qf4 Nh5 41.
Qh4 Qd2 42. Kf1 Nf6 43. g4 Nc4 44. Qe1 Qf4 45. Qc3 Nxe4 46. Qd3 Ned2+ 47. Kg2
Qf6 48. Nf2 Bb7 0-1

[Event "ODEM U25-A Oberhof"]
[Site "?"]
[Date "2013.05.21"]
[Round "4.49"]
[White "Schroeder, Stefan"]
[Black "Nabinger, Annalena"]
[Result "1-0"]
[WhiteElo "1694"]
[BlackElo "1485"]
[PlyCount "79"]
[EventDate "2013.??.??"]

1. d4 Nf6 2. c4 d6 3. Nc3 g6 4. e4 Nbd7 5. Be2 Bg7 6. Bg5 e5 7. d5 O-O 8. h3 b6
9. Nf3 Bb7 10. O-O Rc8 11. b4 a6 12. Qd2 Ra8 13. Rfc1 Qc8 14. Ne1 Re8 15. Nd3
c6 16. Be3 c5 17. bxc5 bxc5 18. Rcb1 Rb8 19. a4 Ba8 20. a5 Qc7 21. Qa2 Rxb1+
22. Rxb1 Rb8 23. Rxb8+ Qxb8 24. f3 Ne8 25. Bd1 Bb7 26. Qa4 Bc8 27. Qc6 Qb7 28.
Ba4 Kf8 29. Qxb7 Bxb7 30. Bxd7 Ke7 31. Bc6 Bxc6 32. dxc6 Kd8 33. Nd5 Nc7 34.
Nb2 f5 35. Bg5+ Kc8 36. Be7 Nxd5 37. cxd5 Kc7 38. Nc4 fxe4 39. Bxd6+ Kc8 40.
fxe4 1-0

[Event "ODEM U25-A Oberhof"]
[Site "?"]
[Date "2013.05.21"]
[Round "4.50"]
[White "Peters, Theresa"]
[Black "Massloch, Philipp"]
[Result "1-0"]
[WhiteElo "1467"]
[BlackElo "1649"]
[PlyCount "57"]
[EventDate "2013.??.??"]

1. d4 c5 2. c3 e6 3. e3 d5 4. Nf3 Nf6 5. Be2 Be7 6. O-O O-O 7. Nbd2 b6 8. Ne5
Bb7 9. b3 Nc6 10. Ndf3 Ne4 11. Qc2 Bd6 12. Nxc6 Bxc6 13. Bd3 g6 14. Bxe4 dxe4
15. Nd2 Qh4 16. h3 f5 17. Bb2 g5 18. c4 g4 19. Qc3 Qh6 20. dxc5 bxc5 21. Rfd1
gxh3 22. g3 Rf6 23. Qxf6 Qxf6 24. Bxf6 Kf7 25. Bb2 Rg8 26. Nf1 Bc7 27. Kh2 f4
28. exf4 Rg6 29. Ne3 1-0

[Event "ODEM U25-A Oberhof"]
[Site "?"]
[Date "2013.05.21"]
[Round "4.51"]
[White "Bastelberger, Julian"]
[Black "Martin, Raphael"]
[Result "1/2-1/2"]
[WhiteElo "1710"]
[BlackElo "1682"]
[PlyCount "59"]
[EventDate "2013.??.??"]

1. d4 d5 2. c4 e6 3. Nc3 c5 4. e3 Nf6 5. Bd3 Nc6 6. Nf3 dxc4 7. Bxc4 cxd4 8.
exd4 Bb4 9. Bg5 Bxc3+ 10. bxc3 O-O 11. O-O b6 12. Re1 Bb7 13. Nd2 Na5 14. Bf1
Rc8 15. Rc1 Kh8 16. f3 Rg8 17. Ne4 h6 18. Nxf6 gxf6 19. Bxh6 Rg6 20. Bf4 Qd5
21. Bd3 f5 22. Rc2 Qxf3 23. Qxf3 Bxf3 24. Kf1 Bd5 25. Re3 Kg7 26. Rg3 Rg4 27.
h3 Rxg3 28. Bxg3 Bc4 29. Bxc4 Nxc4 30. Ke2 1/2-1/2

[Event "ODEM U25-A Oberhof"]
[Site "?"]
[Date "2013.05.21"]
[Round "4.52"]
[White "Bossert, Felix"]
[Black "von Reppert, Marc"]
[Result "0-1"]
[WhiteElo "1522"]
[BlackElo "1681"]
[PlyCount "48"]
[EventDate "2013.??.??"]

1. d4 f5 2. Nf3 e6 3. g3 Nf6 4. Bg2 Nc6 5. O-O Be7 6. c4 d6 7. d5 Ne5 8. Nxe5
dxe5 9. dxe6 Qxd1 10. Rxd1 c6 11. Nc3 Bxe6 12. b3 O-O 13. e4 fxe4 14. Nxe4 Nxe4
15. Bxe4 Bc5 16. Be3 Bxe3 17. fxe3 Rad8 18. Bd3 Bg4 19. Rd2 e4 20. Be2 Rxd2 21.
Bxg4 Rff2 22. Bh5 Rg2+ 23. Kf1 Rxh2 24. g4 Rh1# 0-1

[Event "ODEM U25-A Oberhof"]
[Site "?"]
[Date "2013.05.21"]
[Round "5.3"]
[White "Galkin, Wladislaw"]
[Black "Figura, Atila"]
[Result "1/2-1/2"]
[WhiteElo "2066"]
[BlackElo "2381"]
[PlyCount "52"]
[EventDate "2013.??.??"]

1. c4 c5 2. g3 Nc6 3. Bg2 g6 4. Nc3 Bg7 5. Nf3 d6 6. O-O Bd7 7. e3 Nf6 8. d4
O-O 9. b3 a6 10. Bb2 Rb8 11. Qe2 e6 12. Rfd1 Qe7 13. dxc5 dxc5 14. Ng5 Rfd8 15.
Nge4 Ne8 16. Na4 b6 17. Bxg7 Kxg7 18. Rd2 Na5 19. Nb2 Bc6 20. Rad1 Nb7 21. Nd3
Qc7 22. f4 f6 23. g4 Bxe4 24. Bxe4 Nbd6 25. Bg2 Nf7 26. h4 h6 1/2-1/2

[Event "ODEM U25-A Oberhof"]
[Site "?"]
[Date "2013.05.21"]
[Round "5.13"]
[White "Schreiber, Kevin"]
[Black "Gubela, Hans-Erich"]
[Result "1-0"]
[WhiteElo "1886"]
[BlackElo "1788"]
[PlyCount "65"]
[EventDate "2013.??.??"]

1. d4 b6 2. e4 Bb7 3. f3 e6 4. Bd3 c5 5. c3 cxd4 6. cxd4 Bb4+ 7. Nc3 Ne7 8.
Nge2 O-O 9. O-O Nbc6 10. Be3 Ng6 11. f4 Bxc3 12. bxc3 f6 13. f5 exf5 14. Bc4+
Kh8 15. exf5 Nge7 16. Nf4 Qe8 17. Qg4 Nxf5 18. Qxf5 Qxe3+ 19. Kh1 Na5 20. Bd3
g6 21. Qxd7 Rae8 22. Bxg6 hxg6 23. Nxg6+ Kg8 24. Nxf8 Rxf8 25. Qg4+ Kf7 26.
Rxf6+ Kxf6 27. Rf1+ Ke7 28. Qg7+ Kd6 29. Qxf8+ Kc6 30. Qf3+ Qxf3 31. Rxf3 Kd6
32. Re3 Nc4 33. Re2 1-0

[Event "ODEM U25-A Oberhof"]
[Site "?"]
[Date "2013.05.21"]
[Round "5.34"]
[White "Edel, Fenja"]
[Black "Schmidt, Daniel (Stadtilm)"]
[Result "1-0"]
[WhiteElo "1635"]
[BlackElo "1753"]
[PlyCount "87"]
[EventDate "2013.??.??"]

1. e4 c5 2. Nc3 e6 3. f4 Nc6 4. Bb5 Nge7 5. Bxc6 Nxc6 6. Nf3 Be7 7. O-O O-O 8.
d3 d5 9. Qe1 Nd4 10. Qf2 b6 11. exd5 exd5 12. Nxd4 cxd4 13. Ne2 Bc5 14. a3 a5
15. Bd2 a4 16. Nxd4 Qf6 17. Be3 Re8 18. c3 Ba6 19. Rad1 Qg6 20. f5 Qf6 21. Nc2
Bxe3 22. Nxe3 Rad8 23. Ng4 Qg5 24. Qf4 Qxf4 25. Rxf4 d4 26. c4 Re2 27. Rf2 Rde8
28. Kf1 Rxf2+ 29. Nxf2 Bc8 30. g4 Bb7 31. Re1 Kf8 32. Rxe8+ Kxe8 33. Ne4 Bxe4
34. dxe4 Kd7 35. e5 g6 36. Ke2 gxf5 37. gxf5 Kc6 38. Kd3 Kc5 39. e6 fxe6 40.
fxe6 Kd6 41. Kxd4 h5 42. e7 Kxe7 43. Kd5 Kd7 44. c5 1-0

[Event "ODEM U25-A Oberhof"]
[Site "?"]
[Date "2013.05.22"]
[Round "6.2"]
[White "Figura, Atila"]
[Black "Boehning, Kilian"]
[Result "1/2-1/2"]
[WhiteElo "2381"]
[BlackElo "1882"]
[PlyCount "91"]
[EventDate "2013.??.??"]

1. Nf3 d5 2. c4 e6 3. d4 c6 4. e3 Bd6 5. Bd3 f5 6. O-O Nf6 7. b3 O-O 8. Ba3
Bxa3 9. Nxa3 Ne4 10. Nc2 Nd7 11. Rc1 Ndf6 12. Nce1 Bd7 13. Ne5 Be8 14. f3 Nd6
15. Be2 g5 16. N1d3 Qe7 17. Qd2 Nf7 18. b4 dxc4 19. Nxc4 Rd8 20. Rfd1 g4 21.
Nce5 Nxe5 22. Nxe5 gxf3 23. Bxf3 Bh5 24. a3 Kh8 25. Rf1 Bxf3 26. gxf3 Rg8+ 27.
Kh1 Rg7 28. Rg1 Rdg8 29. Qf2 Nd5 30. Rce1 Qf6 31. f4 Nc3 32. Rxg7 Rxg7 33. Rg1
Ne4 34. Qe1 h6 35. Rxg7 Kxg7 36. Qg1+ Kh7 37. Qg2 Nd6 38. Kg1 Nb5 39. a4 Nc3
40. b5 cxb5 41. Qxb7+ Qg7+ 42. Qxg7+ Kxg7 43. axb5 Nxb5 44. Nc6 a6 45. Kf2 Nc3
46. Ke1 1/2-1/2

[Event "ODEM U25-A Oberhof"]
[Site "?"]
[Date "2013.05.22"]
[Round "6.29"]
[White "Gubela, Hans-Erich"]
[Black "Erofeev, Anastasia"]
[Result "1-0"]
[WhiteElo "1788"]
[BlackElo "1813"]
[PlyCount "111"]
[EventDate "2013.??.??"]

1. b3 e5 2. Bb2 Nc6 3. e3 d5 4. Bb5 Bd6 5. f4 Qe7 6. Nf3 d4 7. fxe5 Bxe5 8.
Bxc6+ bxc6 9. Nxe5 Qxe5 10. O-O Be6 11. Bxd4 Qg5 12. c4 Ne7 13. Qf3 O-O 14. Qf4
Qxf4 15. Rxf4 Nf5 16. Be5 Rac8 17. e4 Nd6 18. Nc3 Nb7 19. Rf2 Nc5 20. Bd4 Nd7
21. h3 a6 22. Be3 f5 23. Raf1 fxe4 24. Nxe4 Rxf2 25. Rxf2 Bf7 26. Ng5 Bg6 27.
Bd4 Re8 28. c5 Ne5 29. Rf1 Nd3 30. Nf3 Be4 31. Ng5 Bd5 32. Be3 h6 33. Nf3 Nb4
34. Nd4 Nxa2 35. Ra1 Nb4 36. Ra4 Nd3 37. b4 Rb8 38. Rxa6 Nxb4 39. Ra7 Rc8 40.
Bf4 Nd3 41. Bxc7 Nxc5 42. Be5 Bf7 43. Nf5 Rd8 44. Bxg7 Rd7 45. Rxd7 Nxd7 46.
Bxh6 c5 47. Be3 c4 48. Nh6+ Kg7 49. Nxf7 Kxf7 50. Kf2 Ke6 51. Kf3 Kf5 52. g4+
Ke5 53. Bf4+ Kf6 54. Ke4 Nc5+ 55. Kd5 Ne6 56. Be3 1-0

[Event "ODEM U25-A Oberhof"]
[Site "?"]
[Date "2013.05.22"]
[Round "6.35"]
[White "Schmidt, Daniel (Stadtilm)"]
[Black "Thumm, Felix"]
[Result "1/2-1/2"]
[WhiteElo "1753"]
[BlackElo "1733"]
[PlyCount "120"]
[EventDate "2013.??.??"]

1. c4 e6 2. d4 d5 3. Nc3 Nf6 4. Nf3 c6 5. cxd5 cxd5 6. g3 a6 7. Bg2 Bd6 8. O-O
O-O 9. Ne5 Nbd7 10. Bf4 Qc7 11. Rc1 Qb8 12. Nxd7 Bxd7 13. Bxd6 Qxd6 14. e4 dxe4
15. Nxe4 Nxe4 16. Bxe4 Rab8 17. Qf3 b5 18. d5 f5 19. Bc2 exd5 20. Bb3 Be6 21.
Rfe1 Rbd8 22. Rcd1 Kh8 23. Re2 a5 24. a3 a4 25. Ba2 Rd7 26. Rde1 Re7 27. Rd1
Rd7 28. Red2 Qe5 29. Qe2 Qxe2 30. Rxe2 Bf7 31. Re5 g6 32. f4 Rb8 33. Rd4 Kg7
34. Kf2 Kf6 35. Ke3 Re7 36. Rxe7 Kxe7 37. Bxd5 Bxd5 38. Rxd5 b4 39. Rd3 Ke6 40.
h3 h6 41. g4 fxg4 42. hxg4 h5 43. gxh5 gxh5 44. Ke4 bxa3 45. Rxa3 Rb4+ 46. Kf3
Rb3+ 47. Ke4 Rxa3 48. bxa3 h4 49. f5+ Kf6 50. Kf4 h3 51. Kg3 Kxf5 52. Kxh3 Ke4
53. Kg3 Kd4 54. Kf3 Kc4 55. Ke3 Kc3 56. Ke2 Kb2 57. Kd2 Kxa3 58. Kc3 Ka2 59.
Kc2 a3 60. Kc1 Kb3 1/2-1/2